Tosca / (Record no. 196306)
[ view plain ]
| 000 -LEADER | |
|---|---|
| campo de control de longitud fija | 02281nam a2200493 i 4500 |
| 001 - NÚMERO DE CONTROL | |
| campo de control | 196306 |
| 003 - IDENTIFICADOR DE NÚMERO DE CONTROL | |
| campo de control | ES-MaACL |
| 005 - FECHA Y HORA DE LA ÚLTIMA TRANSACCIÓN | |
| campo de control | 20250904042307.0 |
| 008 - DATOS DE LONGITUD FIJA--INFORMACIÓN GENERAL | |
| campo de control de longitud fija | 240908s2007 sp ||||| |||| 00| 0 spa d |
| 017 ## - NÚMERO DE COPYRIGHT O DE DEPÓSITO LEGAL | |
| Número de copyright o de depósito legal | M 25694-2007 |
| Agencia que asigna | Oficina Depósito Legal Madrid |
| 020 ## - NÚMERO INTERNACIONAL ESTÁNDAR DEL LIBRO | |
| Número Internacional Estándar del Libro | 9788496832619 |
| 040 ## - FUENTE DE CATALOGACIÓN | |
| Centro/agencia transcriptor | ES-MaACL |
| 100 1# - ENTRADA PRINCIPAL--NOMBRE DE PERSONA | |
| Nombre de persona | Puccini, Giacomo, |
| Fechas asociadas al nombre | 1858-1924 |
| 9 (RLIN) | 240509 |
| Término indicativo de función/relación | Compositor |
| 245 ## - MENCIÓN DEL TÍTULO | |
| Título | Tosca / |
| Mención de responsabilidad, etc. | Puccini ; libreto de Luigi Illica y Giuseppe Giacosa |
| Resto del título | [Grabación sonora] |
| 260 ## - PUBLICACIÓN, DISTRIBUCIÓN, ETC. | |
| Lugar de publicación, distribución, etc. | Madrid : |
| Nombre del editor, distribuidor, etc. | Prisa Innova, |
| Fecha de publicación, distribución, etc. | 2007 |
| 264 ## - PRODUCCIÓN, PUBLICACIÓN, DISTRIBUCIÓN, FABRICACIÓN Y COPYRIGHT | |
| Producción, publicación, distribución, fabricación y copyright | ©2007 |
| 300 ## - DESCRIPCIÓN FÍSICA | |
| Extensión | 2 discos (CD Audio) + |
| Material acompañante/anejo | 1 libro (92 páginas) |
| 336 ## - TIPO DE CONTENIDO | |
| Fuente | rdacontent |
| Término de tipo de contenido | música (interpretada) |
| 337 ## - TIPO DE MEDIO | |
| Fuente | rdamedia |
| Nombre/término del tipo de medio | audio |
| 338 ## - TIPO DE SOPORTE | |
| Fuente | rdacarrier |
| Nombre/término del tipo de soporte | volumen |
| 490 1# - MENCIÓN DE SERIE | |
| Mención de serie | Los clásicos de la ópera, 400 años ; |
| Designación de volumen o secuencia | 27 |
| 520 ## - RESUMEN, ETC. | |
| Sumario, etc. | En el año 1889, Puccini asistió a una representación de La Tosca de Victorien Sardou protagonizada por "La Divina" Sarah Bernhardt y quedó impresionado por las posibilidades operísticas de la obra, que darían lugar a esta obra maestra, que, por su trepidante ritmo y su concentración, constituye la partitura más cinematográfica de su autor. |
| 650 #7 - PUNTO DE ACCESO ADICIONAL DE MATERIA--TÉRMINO DE MATERIA | |
| 9 (RLIN) | 137584 |
| Término de materia o nombre geográfico como elemento de entrada | Óperas- |
| Subdivisión de forma | Libretos |
| 655 #7 - TERMINO DE INDIZACIÓN--GENERO/FORMA | |
| Datos o término principal de género/forma | Libretos |
| Fuente del término | |
| 9 (RLIN) | 242219 |
| 700 1# - ENTRADA AGREGADA--NOMBRE PERSONAL | |
| 9 (RLIN) | 65194 |
| Nombre de persona | Illica, Luigi |
| Término indicativo de función/relación | Libretista |
| 700 1# - ENTRADA AGREGADA--NOMBRE PERSONAL | |
| 9 (RLIN) | 237867 |
| Nombre de persona | Giacosa, Giuseppe, |
| Fechas asociadas al nombre | 1847-1906 |
| Término indicativo de función/relación | Libretista |
| 700 1# - ENTRADA AGREGADA--NOMBRE PERSONAL | |
| 9 (RLIN) | 240502 |
| Nombre de persona | Callas, Maria, |
| Fechas asociadas al nombre | 1923-1977 |
| Término indicativo de función/relación | Intérprete |
| 700 1# - ENTRADA AGREGADA--NOMBRE PERSONAL | |
| 9 (RLIN) | 144629 |
| Nombre de persona | Di Stefano, Giuseppe |
| Término indicativo de función/relación | Intérprete |
| 700 1# - ENTRADA AGREGADA--NOMBRE PERSONAL | |
| 9 (RLIN) | 238361 |
| Nombre de persona | Gobbi, Tito, |
| Fechas asociadas al nombre | 1913-1984 |
| Término indicativo de función/relación | Intérprete |
| 700 1# - ENTRADA AGREGADA--NOMBRE PERSONAL | |
| Nombre de persona | Calabrese, Franco |
| Término indicativo de función/relación | Intérprete |
| 9 (RLIN) | 240663 |
| 700 1# - ENTRADA AGREGADA--NOMBRE PERSONAL | |
| 9 (RLIN) | 238314 |
| Nombre de persona | Mercuriali, Angelo, |
| Fechas asociadas al nombre | 1909-1999 |
| Término indicativo de función/relación | Intérprete |
| 700 1# - ENTRADA AGREGADA--NOMBRE PERSONAL | |
| 9 (RLIN) | 238362 |
| Nombre de persona | Luise, Melchiorre, |
| Fechas asociadas al nombre | 1898-1967 |
| Término indicativo de función/relación | Intérprete |
| 700 1# - ENTRADA AGREGADA--NOMBRE PERSONAL | |
| 9 (RLIN) | 238316 |
| Nombre de persona | Caselli, Dario, |
| Fechas asociadas al nombre | ca. 1908- |
| Término indicativo de función/relación | Intérprete |
| 700 1# - ENTRADA AGREGADA--NOMBRE PERSONAL | |
| Nombre de persona | Cordova, Alvaro |
| Término indicativo de función/relación | Intérprete |
| 9 (RLIN) | 240664 |
| 700 1# - ENTRADA AGREGADA--NOMBRE PERSONAL | |
| Nombre de persona | Sabata, Víctor de |
| Término indicativo de función/relación | Director musical |
| 9 (RLIN) | 240665 |
| 710 2# - ENTRADA AGREGADA--NOMBRE DE ENTIDAD CORPORATIVA | |
| Nombre de entidad corporativa o nombre de jurisdicción como elemento de entrada | Teatro alla Scala |
| 9 (RLIN) | 240666 |
| 710 2# - ENTRADA AGREGADA--NOMBRE DE ENTIDAD CORPORATIVA | |
| Nombre de entidad corporativa o nombre de jurisdicción como elemento de entrada | Teatro alla Scala |
| 9 (RLIN) | 240666 |
| 852 ## - LOCALIZACIÓN | |
| Ubicación | ES-MaACL |
| Sublocalización o colección | R.155040 |
| Ubicación en estantería | Depósito J |
| Número de control de estantería | N-9822 |
| Donativo/Legado | Donación: Miren Fernández |
| Designación de la unidad física | Volumen 27 |
| Encuadernación | Encuadernación cartoné |
| Nota libre | 205729 |
| 903 ## - NOMBRE PERSONAL DE DONANTE | |
| a | Miren, Fernández |
| e | Donante |
| 942 ## - ELEMENTOS DE ENTRADA SECUNDARIOS (KOHA) | |
| Tipo de ítem Koha | Libro impreso |
| Suprimir en OPAC | No |
| Estatus retirado | Estado de pérdida | Fuente del sistema de clasificación o colocación | Estado de daño | No para préstamo | Biblioteca de origen | Biblioteca actual | Ubicación en estantería | Fecha de adquisición | Fuente de adquisición | Total de préstamos | Signatura topográfica completa | Código de barras | Visto por última vez | Precio de reemplazo | Tipo de ítem Koha |
|---|---|---|---|---|---|---|---|---|---|---|---|---|---|---|---|
| Clasificación decimal universal | Biblioteca del Ateneo de Madrid | Biblioteca del Ateneo de Madrid | Depósito J | 22/05/2025 | Donación | N-9822 | 101230127 | 22/05/2025 | 22/05/2025 | Libro impreso |
